Ιστορικά θέματα

Αποθηκεύτηκε σε:
Λεπτομέρειες βιβλιογραφικής εγγραφής
Νέος τίτλος:Επιλογές Ιστορικά θέματα
Μορφή: Περιοδική έκδοση
Γλώσσα:Greek
Δημοσίευση: Αθήνα : Περισκόπιο, 2001-2017
Θέματα:
Ετικέτες: Προσθήκη ετικέτας
Δεν υπάρχουν, Καταχωρήστε ετικέτα πρώτοι!

MARC

LEADER 00000cas a2200000 i 4500
001 1/84616
008 080512d20012017gr |||||||||||| ||gre||
035 |l 10097224 
040 |a GR-My-Ua  |b gre  |e AACR2  
041 0 |a gre 
082 0 |a 905   |2 (23)  
222 0 |a Ιστορικά θέματα  
245 1 0 |a Ιστορικά θέματα   |h [περιοδικό]  
246 1 |a Επιλογές Ιστορικά θέματα  
260 |a Αθήνα :   |b Περισκόπιο,   |c 2001-2017 
300 |a  τ. :   |b εικ. ;   |c 23 εκ.  
310 |a Εβδομαδιαίο,   |b 2015-2017 
321 |a Μηνιαίο,  |b 2001-2014 
500 |a Η βιβλιοθήκη του παραρτήματος Ρόδου έχει στο αρχείο της τεύχη του περιοδικού με τον τίτλο : "Ιστορικά Θέματα" από το 2001-2006. Από το 2015 έχει τα εξής τεύχη του περιοδικού 1,4,5,6,8,9,10,11 (2015) με το νέο τίτλο: "Επιλογές Ιστορικά θέματα" τα οποία αποτελούν ένθετο της εφημερίδας Real News και συνεχίζουν το περιοδικό "Ιστορικά Θέματα". 
650 0 0 |a History  |x Periodicals. 
651 0 |a Greece  |x History  |x Periodicals. 
785 0 0 |i Συνεχίζεται από το...  |t Επιλογές Ιστορικά θέματα  
853 |a INST  |b RHODES  |c SER  |h 905 
901 |a BIBL4-2006-2 
922 |a 4ΕΛΗ  |b 2008-05 
970 |a Κόζα   |b Μαρία   |z 2008-05-12